| 000 | 00370 a2200157 4500 | ||
|---|---|---|---|
| 001 | 150946 | ||
| 040 | _cEscola São Tomás de Aquino | ||
| 100 | _aCABOT, Meg | ||
| 240 | 1 | 0 |
_aTamanho 44 também não é gorda _lpor |
| 245 | 1 | 0 | _aTamanho 44 também não é gorda |
| 300 | _a415 | ||
| 362 | 0 | _a2009 | |
| 440 | 1 | _aRecord | |
| 697 | _a*LITERATURA JUVENIL | ||
| 942 | _cBK | ||
| 999 |
_c150946 _d150946 |
||